000 00796cam a22002054a 4500
005 20250605164140.0
008 250528s ||||||||||||||||||||||||d
035 _a18923
020 _a9607609549
040 _aGR-AtMCL
_bgre
_dGR-AtMCL
_eAACR2
245 1 _aFowler Proficiency / Writing Skills
250 _a1st
260 _bNew Editions,
_c1998
300 _a96
520 _aThis book provides a thorough coverage and practice of the skills and techniques needed to achieve success in paper 2 of the Cambridge Proficiency Examination. Description and Descriptive Narrative, Discursive Essays, Telling a Story, Guided Tasks, Prescribed Books, Reference Section, Appendix, Complete Teacher's Guide.
700 1 _aFowler W.S
_95207
942 _cBK
999 _c4224
_d4224